Stamp duty land tax exemptions (Record no. 117611)

MARC details
000 -LEADER
fixed length control field 01220cam a2200229 4500
001 - CONTROL NUMBER
control field WB4025-23
008 - FIXED-LENGTH DATA ELEMENTS--GENERAL INFORMATION
fixed length control field 040630n2004 000 0 eng u
035 ## - SYSTEM CONTROL NUMBER
System control number (Sirsi) u126632
245 ## - TITLE STATEMENT
Title Stamp duty land tax exemptions
260 ## - PUBLICATION, DISTRIBUTION, ETC.
Date of publication, distribution, etc. 2004
490 ## - SERIES STATEMENT
Series statement RICS News Service
Volume/sequential designation 23 June 2004 (2)
520 ## - SUMMARY, ETC.
Summary, etc. The Inland Revenue has published a statement of practice for applying stamp duty land tax exemptions in defined disadvantaged areas. It includes a tool for deciding whether properties qualify for the relief depending on whether they are residential or not. It has also announced that the special arrangements allowed for the introduction of the tax will cease from 19 July 2004 and then the statutory period of 30 days for returning land transaction returns will be enforced. The statement of practice is available at http://www.inlandrevenue.gov.uk/so/sp1_2004.htm. http://www.rics.org/ricscms/bin/show?class=News&te mplate=/includes/shownews.html&id=9300&faculty=RIC S.
590 ## - LOCAL NOTE (RLIN)
Local note WB
590 ## - LOCAL NOTE (RLIN)
Local note WB
650 ## - SUBJECT ADDED ENTRY--TOPICAL TERM
Topical term or geographic name entry element LAND TRANSACTION RETURNS
650 ## - SUBJECT ADDED ENTRY--TOPICAL TERM
Topical term or geographic name entry element TAX RELIEF
650 ## - SUBJECT ADDED ENTRY--TOPICAL TERM
Topical term or geographic name entry element EXEMPTIONS
650 ## - SUBJECT ADDED ENTRY--TOPICAL TERM
Topical term or geographic name entry element DISADVANTAGED AREAS
650 ## - SUBJECT ADDED ENTRY--TOPICAL TERM
Topical term or geographic name entry element STAMP DUTY LAND TAX
690 ## - LOCAL SUBJECT ADDED ENTRY--TOPICAL TERM (OCLC, RLIN)
Topical term or geographic name as entry element TAXATION
942 ## - ADDED ENTRY ELEMENTS (KOHA)
Suppress in OPAC 0
Holdings
Withdrawn status Lost status Source of classification or shelving scheme Damaged status Not for loan Home library Current library Shelving location Date acquired Total Checkouts Full call number Barcode Date last seen Copy number Price effective from Koha item type
    Dewey Decimal Classification     London London News article 30/06/2004   WB4025-23 126632-1001 06/08/2019 1 06/08/2019 News article